| 000 | 01178nam1a2200337 i 4500 | ||
|---|---|---|---|
| 001 | RU\NLR\bibl\493049 | ||
| 005 | 20240920120806.0 | ||
| 035 | _a(NLR Aleph) 000485711 | ||
| 090 |
_a1081824 _c1081824 |
||
| 100 | _a20040219g20029999u y0rusy50 ca | ||
| 101 | 0 | _arus | |
| 102 | _aRU | ||
| 105 | _a||||z ||||| | ||
| 200 | 1 |
_aЖертвы политических репрессий Иркутской области: память и предупреждение будущему _f[Редкол.: П.П. Боханов (пред.) и др.] |
|
| 210 |
_aИркутск _cОГУП "Иркут. обл. тип. N 1" _d2002 |
||
| 215 | _d27 | ||
| 463 | 0 | _1001488585 | |
| 463 | 0 | _1001486446 | |
| 463 | 0 | _1001486459 | |
| 463 | 0 | _1001486453 | |
| 463 | 0 | _1001486450 | |
| 606 | 0 |
_aРепрессии политические _jКниги памяти _yИркутская область _92319042 _3RU\NLR\auth\661387467 |
|
| 686 | _aТ3(2)7-3 | ||
| 686 | _aТ3(2Р-4Ир)7 | ||
| 702 | 1 |
_aБоханов _bП. П. _4340 |
|
| 801 | 0 |
_aRU _bNLR _c20040219 _gPSBO |
|
| 801 | 1 |
_aRU _bNLR _c20040219 |
|
| 852 |
_aNLR _jС 2004-4/14 |
||
| 942 | _cBOOK | ||